[Event "11th LCC FIDE Open 2019"]
[Site "London"]
[Date "2019.12.05"]
[Round "8.46"]
[White "Davis, Holden"]
[Black "Osborne, Marcus E"]
[Result "1/2-1/2"]
[WhiteElo "1840"]
[BlackElo "2166"]
[Annotator "TA"]
[PlyCount "169"]
[EventDate "2019.11.29"]
[EventType "swiss"]
[EventCountry "ENG"]
[SourceTitle "playchess.com"]
[Source "ChessBase"]
[SourceQuality "1"]

{[%evp 26,169,-10,-18,-17,-31,-2,-36,-8,-79,-60,-93,-51,-46,-37,-32,-18,-26,-36,-79,-97,-102,-108,-103,-106,-93,-87,-93,-72,-78,-84,-98,-49,-39,-50,-45,0,-25,-18,-55,0,0,0,0,0,-5,8,-10,7,7,52,-57,-76,-92,0,0,0,0,0,0,0,0,0,0,0,0,0,0,0,0,0,0,0,0,0,-8,-8,-164,-164,-164,-164,-165,-165,-165,-165,-165,-165,-165,-165,-165,-165,-165,-59,-165,-165,-165,-165,-165,-165,-165,-165,-165,-165,-303,0,-5405,-5429,-5102,-5089,-5057,-691,-1202,-993,-768,0,0,0,0,0,0,0,0,0,0,0,0,0,0,0,0,0,0,0,0,0,0,0,0,0,0,0,0,0,0,0,0]} 1. e4 c5 2. d4 cxd4 3. c3 Nf6 4. e5 Nd5 5. Nf3 Nc6 6. Bc4 Nb6 7. Bb3 d5 8. exd6 Qxd6 9. O-O Be6 10. Na3 dxc3 11. Nb5 Qxd1 12. Rxd1 Rc8 13. Bxe6 fxe6 14. Nxc3 g6 {B22: Sicilian: 2 c3} 15. Ng5 Nd8 (15... e5 16. Ne6 Nc4 17. Ne4 Kf7 18. N6g5+ Ke8 19. Ne6 Kf7 20. N6g5+ Kg8 21. Ne6 Kf7 {½-½ (21) Chekhov,S (2470)-Kokarev,D (2645) Moscow 2015}) 16. Bf4 $146 ({Predecessor:} 16. Re1 Bg7 17. Nxe6 Nxe6 18. Rxe6 Kf7 19. Re3 Rhf8 20. Ne4 Rc2 21. Rb3 Kg8 22. Be3 Rxb2 23. Rxb2 Bxb2 24. Rb1 Rd8 25. Nc5 Nc4 26. Nxb7 Rd5 27. Bc5 Rd7 {0-1 (27) Mikac,M (2410)-Timoshenko,G (2520) Pula 1994}) 16... Bg7 {Black is slightly better.} 17. Nb5 (17. Rxd8+ $11 {remains equal.} Rxd8 18. Nxe6) 17... Nd5 (17... O-O $5 {[%cal Rf8f4]} 18. Nxa7 Rc2 $15) 18. Bg3 Rc5 19. Nd4 Bxd4 20. Rxd4 O-O 21. Rad1 Rf5 22. Nf3 Nc6 $36 {[%mdl 2048] Keeping White busy.} 23. Re4 Rc2 24. Rd2 Rxd2 25. Nxd2 Kf7 26. Nf3 Ndb4 27. a3 Nd3 28. Re3 Nxb2 29. Rb3 Nc4 30. Rxb7 Ra5 31. h4 (31. Rc7 $5 {[%cal Rc7c6]} Rxa3 32. h3 $11) 31... Rxa3 32. Ng5+ Kg7 (32... Ke8 $1 $15) 33. Rc7 $1 $11 {[%cal Rc7c6]} Ra6 34. Nxe6+ Kf6 35. Nc5 Ra1+ 36. Kh2 N6e5 {Strongly threatening ...Ng4+.} 37. Ne4+ Kf5 38. Bxe5 ({White has to play} 38. f3 $14) 38... Nxe5 $14 {[%mdl 4096] Endgame KRN-KRN} 39. f3 a5 ({Black should try} 39... Ke6 $1 $17) 40. Rxe7 $11 h6 41. Kg3 Ra2 42. Ra7 Nc4 43. Rf7+ Ke5 44. Re7+ Kd4 45. Rd7+ Ke3 46. Nc3 Rd2 47. Nd1+ Ke2 48. Nc3+ Kf1 (48... Ke1 {feels hotter.} 49. Rb7 Rc2 50. Nd5 a4 51. Rc7 a3) 49. Rxd2 Nxd2 {KN-KN} 50. f4 h5 51. f5 $2 (51. Nb5 $1 $11) 51... gxf5 $19 {White must now prevent ...Ne4+.} 52. Kf4 Ne4 53. Na4 Nd6 54. g3 Kf2 55. Nc5 {[#]} Ne4 $1 {[%mdl 512]} 56. Nd3+ (56. Nxe4+ fxe4) 56... Ke2 57. Nb2 Nd6 $1 58. Na4 Kd3 ({Better is} 58... Kf1 $19 59. Nb2 Kf2) 59. Ke5 ({Only move:} 59. Kg5 $1 $15) 59... Ne4 60. Kxf5 Nxg3+ 61. Kg5 Ke4 62. Nc3+ Kd4 63. Na4 Ke5 64. Nb2 (64. Nb6 $142) 64... Kd4 $2 (64... Ke4 $19 65. Na4 Kd4) 65. Kf4 $2 {[%mdl 8192]} (65. Na4 $11) 65... Ne4 66. Na4 Nc5 67. Nb6 {[#]} Ne6+ ({And not} 67... a4 {[#]} 68. Nxa4 $1 {[%mdl 512]} Nxa4 69. Kg5 $11) (67... Nd7 $142 $1 {[%mdl 512]} 68. Nc8 (68. Nxd7 a4) 68... a4) 68. Kf5 Kc5 69. Na4+ Kd6 $2 (69... Kb4 $19 70. Nb6 Nc7) 70. Nc3 $11 {The position is equal.} Ke7 71. Kg6 Nf4+ 72. Kg5 Ng2 73. Kxh5 Kd6 74. Kg4 Nxh4 75. Kxh4 {KN-KP} Kc5 76. Kg4 Kc4 77. Na4 $1 Kb4 78. Nb6 Kc5 79. Na4+ Kb5 80. Nb2 $1 Kb4 81. Nd3+ Kc3 82. Nc5 Kb4 83. Nd3+ Kc3 84. Nc5 Kb4 85. Nd3+ {Accuracy: White = 53%, Black = 62%.} 1/2-1/2

[Event "11th LCC FIDE Open 2019"]
[Site "London"]
[Date "2019.12.05"]
[Round "8.47"]
[White "Finn, Peter"]
[Black "Grigoryan, Meri"]
[Result "1/2-1/2"]
[WhiteElo "1895"]
[BlackElo "2050"]
[Annotator "NA RC"]
[PlyCount "160"]
[EventDate "2019.11.29"]
[EventType "swiss"]
[EventCountry "ENG"]
[SourceTitle "playchess.com"]
[Source "ChessBase"]
[SourceQuality "1"]
[TimeControl "40/5400+30:1800+30"]

1. e4 {[%emt 1:03:28]} e5 {[%emt 0:10:14]} 2. Nf3 {[%emt 0:00:09]} Nc6 {[%emt 0:00:07]} 3. Bc4 {[%emt 0:00:04]} Bc5 {[%emt 0:00:15]} 4. c3 {[%emt 0:00:12]} Nf6 {[%emt 0:00:48]} 5. d3 {[%emt 0:00:13]} O-O {[%emt 0:01:14]} 6. O-O {[%emt 0:00:39]} d5 {[%emt 0:01:52] C54: Giuoco Piano: 4 c3 Nf6, main lines with 5 d4 and 5 d3} 7. Bb5 {[%emt 0:07:20]} (7. exd5 Nxd5 8. Re1 Bg4 9. Nbd2 Nb6 10. h3 Bh5 11. Bb3 Qxd3 12. Nxe5 Qf5 13. Nef3 Rad8 14. Qe2 Nd5 15. Ne4 Bxf3 16. Qxf3 Qxf3 17. gxf3 {½-½ (31) Vachier Lagrave,M (2774)-Aronian,L (2758) Khanty-Mansiysk 2019}) 7... dxe4 {[%emt 0:08:06]} 8. Bxc6 {[%emt 0:01:36]} exf3 {[%emt 0:11:51]} 9. Bxf3 {[%emt 0:00:26]} Bf5 {[%emt 0:13:40]} 10. Re1 $146 {[%emt 0:44:45]} ({Predecessor:} 10. Bxb7 Bxd3 11. Bxa8 Bxf1 12. Qxf1 Qxa8 13. Be3 Qb8 14. Bxc5 {1-0 (30) Thee,M (799)-Knaack,C Neumuenster 2008}) 10... e4 {[%emt 0:07:01]} 11. dxe4 {[%emt 0:08:01]} Nxe4 {[%emt 0:12:11]} 12. Be3 {[%emt 0:09:31]} Qxd1 {[%emt 0:03:45]} 13. Bxd1 {[%emt 0:01:42]} Rad8 {[%emt 0:11:44]} 14. Na3 {[%emt 0:00:53]} Bxa3 {[%emt 0:07:41]} 15. bxa3 {[%emt 0:00:06]} Nxc3 {[%emt 0:00:13]} 16. Bf3 {[%emt 0:04:50]} Nd5 {[%emt 0:01:36]} 17. Bc5 {[%emt 0:01:16]} c6 {[%emt 0:00:20]} 18. Bxf8 {[%emt 0:00:17]} Kxf8 19. Rad1 {[%emt 0:00:52]} Be6 {[%emt 0:00:15]} 20. Rd4 {[%emt 0:01:40]} Rc8 {[%emt 0:01:41]} 21. h3 {[%emt 0:02:01]} Rd8 {[%emt 0:00:57]} 22. Red1 {[%emt 0:01:57]} Ke7 {[%emt 0:00:25]} 23. Kh2 {[%emt 0:02:21]} Kd6 {[%emt 0:00:48]} 24. Kg3 {[%emt 0:00:51]} Kc5 {[%emt 0:01:55]} 25. Rb4 {[%emt 0:02:45]} Rd7 {[%emt 0:00:46]} 26. Rc1+ {[%emt 0:00:03]} Kd6 {[%emt 0:00:05]} 27. Ra4 {[%emt 0:00:27]} b6 {[%emt 0:00:30]} 28. Rh4 {[%emt 0:00:35]} h6 {[%emt 0:01:08]} 29. Rhc4 {[%emt 0:01:23]} Rc7 {[%emt 0:01:04]} 30. R4c2 {[%emt 0:03:06]} Bf5 {[%emt 0:00:44]} 31. Re2 {[%emt 0:00:31]} Be6 {[%emt 0:00:30]} 32. Bxd5 {[%emt 0:00:21]} Bxd5 {[%emt 0:00:59]} 33. Re8 {[%emt 0:00:07]} Bxa2 {[%emt 0:01:15]} 34. Rd1+ {[%emt 0:00:08]} Bd5 {[%emt 0:00:09]} 35. Kf4 {[%emt 0:00:10]} b5 {[%emt 0:01:13]} 36. g4 {[%emt 0:01:12]} Kd7 {[%emt 0:01:04]} 37. Rg8 {[%emt 0:00:33]} Ke7 {[%emt 0:00:33]} 38. Rxg7 {[%emt 0:00:42]} Kf6 {[%emt 0:00:10]} 39. Rg8 {[%emt 0:00:21]} Re7 {[%emt 0:00:09]} 40. f3 {[%emt 0:01:34]} a5 {[%emt 0:00:58]} 41. h4 {[%emt 0:09:57]} Re2 {[%emt 0:01:18]} 42. Rd3 {[%emt 0:01:01]} Rh2 {[%emt 0:08:46]} 43. Kg3 {[%emt 0:00:40]} Rh1 {[%emt 0:02:45]} 44. Re3 {[%emt 0:05:26]} Be6 {[%emt 0:02:26] [#]} (44... b4 $11 {remains equal.}) 45. Ra8 {[%emt 0:02:01]} (45. f4 $1 $16 Rg1+ 46. Kf2) 45... a4 {[%emt 0:01:56]} 46. Rg8 {[%emt 0:00:08]} Rb1 {[%emt 0:02:31]} 47. f4 {[%emt 0:01:53]} Rg1+ {[%emt 0:05:30]} 48. Kf2 {[%emt 0:00:19]} Rh1 {[%emt 0:00:42]} 49. h5 {[%emt 0:02:29]} Bd5 {[%emt 0:04:28]} 50. Kg3 {[%emt 0:07:49]} (50. Ke2 $16) 50... Rg1+ {[%emt 0:00:42]} 51. Kh4 {[%emt 0:00:17]} Rh1+ {[%emt 0:01:29]} 52. Rh3 {[%emt 0:01:20]} Rf1 $2 (52... Rg1 $11) 53. Kg3 $4 {[%emt 0:04:01] [#]} (53. g5+ $18 {is the narrow road to win.} Ke7 54. gxh6) 53... Rf3+ $2 {[%emt 0:00:34]} ({Black should play} 53... b4 $1 $19 {[%cal Rb4a3][%mdl 512]} 54. g5+ (54. axb4 a3) 54... Kf5) 54. Kh2 {[%emt 0:00:08]} Rxf4 {[%emt 0:02:16] [#]} (54... Rf1 $1 $11 {remains equal.}) 55. g5+ $1 {[%emt 0:00:47]} hxg5 {[%emt 0:01:52]} 56. h6 Be4 {[%emt 0:00:25]} 57. h7 {[%emt 0:00:05]} Bxh7 {[%emt 0:00:30]} 58. Rxh7 {[%emt 0:00:05]} Rf2+ {[%emt 0:00:43]} 59. Kg1 {[%emt 0:00:19]} Rf3 {[%emt 0:00:15]} 60. Rh6+ {[%emt 0:00:13]} Kf5 {[%emt 0:00:05]} 61. Rxc6 {[%emt 0:00:29]} Kg4 {[%emt 0:00:29]} 62. Rc2 {[%emt 0:01:32]} Rxa3 {[%emt 0:00:31]} 63. Rg2+ {[%emt 0:00:11]} Kf4 {[%emt 0:00:12]} 64. R8xg5 $2 {[%emt 0:00:05]} (64. Rb2 $18 {has better winning chances.} Rg3+ 65. Kh2) 64... f5 {[%emt 0:00:35] [#]} 65. Rh5 $1 {[%emt 0:01:05]} Ra1+ {[%emt 0:00:50]} 66. Kh2 {[%emt 0:00:05]} Ke4 {[%emt 0:00:58]} 67. Rb2 {[%emt 0:01:15]} a3 {[%emt 0:00:22]} 68. Rb4+ {[%emt 0:01:17]} Ke3 {[%emt 0:00:40]} 69. Rxf5 $2 {[%emt 0:01:21]} (69. Rh3+ {mates} Kd2 70. Rxb5 f4 71. Rg5 Rd1 72. Rg2+ Kc1 73. Rxa3 Kb1 74. Rb3+ Ka1 75. Rf3) 69... a2 {[%emt 0:00:31]} 70. Rb3+ {[%emt 0:02:40]} Ke4 {[%emt 0:00:07]} 71. Rfxb5 {[%emt 0:01:08]} Rh1+ {[%emt 0:00:05]} 72. Kxh1 {[%emt 0:00:11]} a1=Q+ {[%emt 0:00:04]} 73. Kg2 {[%emt 0:00:47]} Qa2+ {[%emt 0:00:25]} 74. Kg3 {[%emt 0:00:20]} Qa7 {[%emt 0:00:49]} 75. Rb7 $11 {[%emt 0:01:00]} Qg1+ {[%emt 0:00:12]} 76. Kh4 {[%emt 0:00:18]} Qh1+ {[%emt 0:00:30]} 77. Kg5 {[%emt 0:00:14]} Qc1+ {[%emt 0:00:41]} 78. Kf6 {[%emt 0:00:23]} Qh6+ {[%emt 0:00:14]} 79. Ke7 {[%emt 0:00:17]} Qg7+ {[%emt 0:00:22]} 80. Kd8 {[%emt 0:00:38]} Qf8+ {[%emt 0:00:08]} 1/2-1/2

[Event "11th LCC FIDE Open 2019"]
[Site "London"]
[Date "2019.12.05"]
[Round "8.48"]
[White "Lohia, Sohum"]
[Black "Ho, Conrad"]
[Result "0-1"]
[WhiteElo "1889"]
[BlackElo "2046"]
[Annotator "NA"]
[PlyCount "66"]
[EventDate "2019.11.29"]
[EventType "swiss"]
[EventCountry "ENG"]
[SourceTitle "playchess.com"]
[Source "ChessBase"]
[SourceQuality "1"]
[TimeControl "40/5400+30:1800+30"]

1. e4 {[%emt 0:00:00]} c5 {[%emt 0:00:00]} 2. Ne2 {[%emt 0:00:41]} Nc6 {[%emt 0:00:28]} 3. g3 {[%emt 0:00:20]} g6 {[%emt 0:02:43]} 4. Bg2 {[%emt 0:00:08]} Bg7 {[%emt 0:00:11]} 5. c3 {[%emt 0:00:52]} e5 {[%emt 0:01:53]} 6. d3 {[%emt 0:00:53]} Nge7 {[%emt 0:02:01]} 7. Be3 {[%emt 0:00:20]} d6 {[%emt 0:02:27]} 8. h3 {[%emt 0:03:50]} O-O {[%emt 0:03:46]} 9. d4 {[%emt 0:01:30]} exd4 {[%emt 0:07:44]} 10. cxd4 {[%emt 0:00:11]} Qb6 {[%emt 0:01:50]} 11. Qb3 {[%emt 0:04:44]} cxd4 {[%emt 0:10:25]} 12. Qxb6 {[%emt 0:00:54]} axb6 {[%emt 0:00:09]} 13. Bf4 {[%emt 0:00:17]} d3 {[%emt 0:05:49]} 14. Nec3 {[%emt 0:00:31]} Nb4 {[%emt 0:04:43]} 15. Bxd6 {[%emt 0:06:20]} Nc2+ {[%emt 0:00:36]} 16. Kd2 {[%emt 0:00:08]} Nxa1 {[%emt 0:03:34]} 17. Bxe7 {[%emt 0:00:14]} Re8 {[%emt 0:00:29]} 18. Bd6 {[%emt 0:02:02]} Nc2 {[%emt 0:01:23]} 19. Kxd3 {[%emt 0:00:57]} Rd8 {[%emt 0:03:50]} 20. Kxc2 {[%emt 0:00:13]} Rxd6 {[%emt 0:00:07]} 21. f4 {[%emt 0:02:03]} Be6 {[%emt 0:09:39]} 22. e5 {[%emt 0:02:10]} Rd7 {[%emt 0:01:04]} 23. Na3 {[%emt 0:00:40]} Rad8 {[%emt 0:03:16]} 24. Kb1 {[%emt 0:02:20]} f6 {[%emt 0:02:03]} 25. exf6 {[%emt 0:03:27]} Bxf6 {[%emt 0:00:08]} 26. Ne4 {[%emt 0:00:46]} Bf5 {[%emt 0:02:57]} 27. g4 {[%emt 0:01:28]} Bxe4+ {[%emt 0:02:27]} 28. Bxe4 {[%emt 0:00:06]} Rd4 {[%emt 0:02:50]} 29. Bxb7 {[%emt 0:00:26]} Rxf4 {[%emt 0:00:07]} 30. Rc1 {[%emt 0:06:04]} Rf2 {[%emt 0:04:18]} 31. Nc2 {[%emt 0:01:23]} Rd3 {[%emt 0:02:36]} 32. Rh1 {[%emt 0:01:02]} Rfd2 {[%emt 0:02:28]} 33. Kc1 {[%emt 0:01:10]} Bg5 {[%emt 0:01:26]} 0-1

[Event "11th LCC FIDE Open 2019"]
[Site "London"]
[Date "2019.12.05"]
[Round "8.49"]
[White "Thatte, Nishchal"]
[Black "Vaddadi, Seshagiri"]
[Result "1/2-1/2"]
[WhiteElo "1723"]
[BlackElo "2042"]
[Annotator "NA RC"]
[PlyCount "55"]
[EventDate "2019.11.29"]
[EventType "swiss"]
[EventCountry "ENG"]
[SourceTitle "playchess.com"]
[Source "ChessBase"]
[SourceQuality "1"]
[TimeControl "40/5400+30:1800+30"]

1. e4 {[%emt 0:20:07]} c5 {[%emt 0:00:00]} 2. c3 {[%emt 0:00:05]} d5 {[%emt 0:00:54]} 3. exd5 {[%emt 0:00:16]} Qxd5 {[%emt 0:00:16]} 4. d4 {[%emt 0:00:08]} e5 {[%emt 0:04:03]} 5. dxe5 {[%emt 0:07:13]} Qxe5+ {[%emt 0:00:12]} 6. Be2 {[%emt 0:03:42]} Nc6 {[%emt 0:03:09]} 7. Nf3 {[%emt 0:00:27]} Qc7 {[%emt 0:01:30]} 8. O-O {[%emt 0:02:43]} Nf6 {[%emt 0:01:08]} 9. Re1 {[%emt 0:04:07]} Be7 {[%emt 0:00:06]} 10. Na3 {[%emt 0:01:40]} a6 {[%emt 0:01:47]} 11. g3 {[%emt 0:03:50]} Be6 {[%emt 0:03:15]} 12. Ng5 {[%emt 0:09:22]} Bf5 {[%emt 0:09:20]} 13. Bf4 {[%emt 0:01:00]} Qd8 {[%emt 0:00:58]} 14. Qb3 {[%emt 0:07:10]} O-O {[%emt 0:00:20]} 15. Qxb7 {[%emt 0:07:21]} Ne4 {[%emt 0:33:16]} 16. Nxe4 {[%emt 0:02:03]} Bxe4 {[%emt 0:00:17]} 17. Bc4 {[%emt 0:00:22]} Ra7 {[%emt 0:02:21]} 18. Qb3 {[%emt 0:01:43]} Na5 {[%emt 0:03:34]} 19. Qd1 {[%emt 0:02:43]} Rd7 {[%emt 0:00:32]} 20. Qe2 {[%emt 0:01:01]} Nxc4 {[%emt 0:02:44]} 21. Qxe4 {[%emt 0:03:20]} Nxb2 {[%emt 0:00:17]} 22. Reb1 {[%emt 0:07:08]} Nd3 {[%emt 0:03:38]} 23. Rb8 {[%emt 0:04:51]} Qa5 {[%emt 0:01:33]} 24. Qc6 {[%emt 0:07:49]} Qxc3 {[%emt 0:09:52]} 25. Qxd7 {[%emt 0:00:01]} Rxb8 {[%emt 0:02:19]} 26. Bxb8 {[%emt 0:00:11]} Qxa1+ {[%emt 0:00:11]} 27. Kg2 {[%emt 0:00:01]} Ne1+ {[%emt 0:07:49]} 28. Kg1 {[%emt 0:00:38]} 1/2-1/2

[Event "11th LCC FIDE Open 2019"]
[Site "London"]
[Date "2019.12.05"]
[Round "8.50"]
[White "Grey, Nicholas D"]
[Black "Flear, Christine"]
[Result "0-1"]
[WhiteElo "1692"]
[BlackElo "2035"]
[Annotator "NA RC"]
[PlyCount "56"]
[EventDate "2019.11.29"]
[EventType "swiss"]
[EventCountry "ENG"]
[SourceTitle "playchess.com"]
[Source "ChessBase"]
[SourceQuality "1"]
[TimeControl "40/5400+30:1800+30"]

1. e4 {[%emt 0:00:00]} c5 {[%emt 0:00:00]} 2. c3 {[%emt 0:00:15]} Nf6 {[%emt 0:00:00]} 3. e5 {[%emt 0:00:21]} Nd5 {[%emt 0:00:06]} 4. d4 {[%emt 0:00:33]} cxd4 {[%emt 0:00:09]} 5. Qxd4 {[%emt 0:01:56]} e6 {[%emt 0:00:39]} 6. Nf3 {[%emt 0:00:45]} Nc6 {[%emt 0:00:18]} 7. Qe4 {[%emt 0:00:20]} f5 {[%emt 0:00:27]} 8. Qe2 {[%emt 0:00:31]} b5 {[%emt 0:01:33]} 9. g3 {[%emt 0:04:11]} a5 {[%emt 0:09:45]} 10. Bg2 {[%emt 0:04:02]} Qc7 {[%emt 0:09:28]} 11. O-O {[%emt 0:08:14]} Ba6 {[%emt 0:02:39]} 12. Rd1 {[%emt 0:08:49]} b4 {[%emt 0:12:38]} 13. Qd2 {[%emt 0:22:48]} Be7 {[%emt 0:20:41]} 14. Nd4 {[%emt 0:11:42]} Qxe5 {[%emt 0:00:48]} 15. Re1 {[%emt 0:03:19]} Qf6 {[%emt 0:00:41]} 16. Bxd5 {[%emt 0:04:01]} exd5 {[%emt 0:00:54]} 17. Nf3 {[%emt 0:03:51]} d4 {[%emt 0:08:59]} 18. cxd4 {[%emt 0:01:10]} O-O {[%emt 0:05:03]} 19. d5 {[%emt 0:01:58]} Na7 {[%emt 0:00:33]} 20. Ne5 {[%emt 0:01:43]} Rfd8 {[%emt 0:02:29]} 21. Nf3 {[%emt 0:03:04]} Rac8 {[%emt 0:04:33]} 22. Qe3 {[%emt 0:02:02]} Bc5 {[%emt 0:01:48]} 23. Qg5 {[%emt 0:01:41]} Qf7 {[%emt 0:04:30]} 24. b3 {[%emt 0:04:33]} Re8 {[%emt 0:05:46]} 25. Bb2 {[%emt 0:01:53]} Rxe1+ {[%emt 0:01:27]} 26. Nxe1 {[%emt 0:00:25]} Bb7 {[%emt 0:00:26]} 27. Nd3 {[%emt 0:02:26]} h6 {[%emt 0:00:25]} 28. Qf4 {[%emt 0:00:47]} Qxd5 {[%emt 0:03:27]} 0-1

[Event "11th LCC FIDE Open 2019"]
[Site "London"]
[Date "2019.12.05"]
[Round "8.51"]
[White "Nilssen, Ellen Fredericia"]
[Black "Saidmurodov, Shahjahon"]
[Result "0-1"]
[WhiteElo "2004"]
[BlackElo "1782"]
[Annotator "NA RC"]
[PlyCount "84"]
[EventDate "2019.11.29"]
[EventType "swiss"]
[EventCountry "ENG"]
[SourceTitle "playchess.com"]
[Source "ChessBase"]
[SourceQuality "1"]
[TimeControl "40/5400+30:1800+30"]

1. d4 {[%emt 0:00:17]} d6 {[%emt 0:00:00]} 2. Nf3 {[%emt 0:00:09]} c6 {[%emt 0:00:00]} 3. c4 {[%emt 0:01:28]} Bg4 {[%emt 0:01:06]} 4. Nc3 {[%emt 0:03:52]} Qc7 {[%emt 0:01:29]} 5. e4 {[%emt 0:02:33]} Nd7 {[%emt 0:03:34]} 6. Be2 {[%emt 0:01:08]} e5 {[%emt 0:02:24]} 7. d5 {[%emt 0:01:59]} Ngf6 {[%emt 0:00:26]} 8. Be3 {[%emt 0:01:36]} Be7 {[%emt 0:04:02]} 9. O-O {[%emt 0:02:11]} h6 {[%emt 0:00:21]} 10. Nd2 {[%emt 0:02:29]} Bxe2 {[%emt 0:01:44]} 11. Qxe2 {[%emt 0:00:20]} g5 {[%emt 0:03:42]} 12. b4 {[%emt 0:05:17]} O-O {[%emt 0:08:15]} 13. h4 {[%emt 0:08:10]} cxd5 {[%emt 0:11:45]} 14. hxg5 {[%emt 0:02:36]} hxg5 {[%emt 0:00:59]} 15. Bxg5 {[%emt 0:00:20]} d4 {[%emt 0:00:36]} 16. Nb5 {[%emt 0:04:03]} Qd8 {[%emt 0:08:36]} 17. Bh6 {[%emt 0:07:23]} Re8 {[%emt 0:14:57]} 18. f4 {[%emt 0:11:13]} Bf8 {[%emt 0:03:32]} 19. Bxf8 {[%emt 0:05:38]} Nxf8 {[%emt 0:00:10]} 20. Qf3 {[%emt 0:02:34]} N8h7 {[%emt 0:00:27]} 21. g4 {[%emt 0:03:00]} a6 {[%emt 0:02:16]} 22. fxe5 {[%emt 0:13:45]} Rxe5 {[%emt 0:05:58]} 23. Nxd4 {[%emt 0:01:21]} Qb6 {[%emt 0:00:17]} 24. N2b3 {[%emt 0:01:56]} Rxe4 {[%emt 0:02:41]} 25. g5 {[%emt 0:00:40]} Rxd4 {[%emt 0:04:31]} 26. Nxd4 {[%emt 0:01:56]} Qxd4+ {[%emt 0:00:05]} 27. Kg2 {[%emt 0:00:15]} Nxg5 {[%emt 0:03:39]} 28. Qxf6 {[%emt 0:06:25]} Qg4+ {[%emt 0:02:17]} 29. Kh2 {[%emt 0:00:52]} Re8 {[%emt 0:06:45]} 30. Rf2 {[%emt 0:03:40]} Qh4+ {[%emt 0:02:44]} 31. Kg2 {[%emt 0:00:26]} Re3 {[%emt 0:02:47]} 32. Qd8+ {[%emt 0:00:28]} Kg7 {[%emt 0:00:37]} 33. Rxf7+ {[%emt 0:03:40]} Kxf7 {[%emt 0:00:08]} 34. Rf1+ {[%emt 0:00:05]} Kg7 {[%emt 0:02:47]} 35. Qf8+ {[%emt 0:01:08]} Kg6 {[%emt 0:00:57]} 36. Rf6+ {[%emt 0:00:25]} Kh7 {[%emt 0:00:09]} 37. Rf7+ {[%emt 0:02:40]} Nxf7 {[%emt 0:00:06]} 38. Qxf7+ {[%emt 0:00:03]} Kh6 {[%emt 0:00:12]} 39. Qf8+ {[%emt 0:00:33]} Kg5 {[%emt 0:00:30]} 40. Qg7+ {[%emt 0:00:29]} Kf5 {[%emt 0:00:27]} 41. Qf7+ {[%emt 0:01:10]} Qf6 {[%emt 0:00:10]} 42. Qd5+ {[%emt 0:00:06]} Re5 {[%emt 0:00:15]} 0-1

[Event "11th LCC FIDE Open 2019"]
[Site "London"]
[Date "2019.12.05"]
[Round "8.52"]
[White "Taylor, William J"]
[Black "Covey, Jason"]
[Result "0-1"]
[WhiteElo "1967"]
[BlackElo "1770"]
[Annotator "NA"]
[PlyCount "66"]
[EventDate "2019.11.29"]
[EventType "swiss"]
[EventCountry "ENG"]
[SourceTitle "playchess.com"]
[Source "ChessBase"]
[SourceQuality "1"]
[TimeControl "40/5400+30:1800+30"]

1. e4 {[%emt 1:08:59]} e6 {[%emt 0:00:32]} 2. d4 {[%emt 0:00:08]} d5 {[%emt 0:00:08]} 3. Nd2 {[%emt 0:00:06]} Nf6 {[%emt 0:00:15]} 4. e5 {[%emt 0:00:08]} Nfd7 {[%emt 0:00:12]} 5. Bd3 {[%emt 0:00:11]} c5 {[%emt 0:00:19]} 6. c3 {[%emt 0:00:06]} Nc6 {[%emt 0:00:23]} 7. Ne2 {[%emt 0:00:12]} cxd4 {[%emt 0:00:22]} 8. cxd4 {[%emt 0:00:07]} f6 {[%emt 0:00:24]} 9. exf6 {[%emt 0:00:10]} Nxf6 {[%emt 0:00:17]} 10. Nf3 {[%emt 0:00:10]} Bd6 {[%emt 0:00:32]} 11. O-O {[%emt 0:00:12]} Qc7 {[%emt 0:00:20]} 12. h3 {[%emt 0:00:08]} O-O {[%emt 0:00:31]} 13. Be3 {[%emt 0:00:08]} Bd7 {[%emt 0:00:30]} 14. Re1 {[%emt 0:00:09]} Rac8 {[%emt 0:00:56]} 15. Rc1 {[%emt 0:00:45]} Be8 {[%emt 0:07:48]} 16. Ng5 {[%emt 0:04:54]} Qd7 {[%emt 0:01:38]} 17. Bf4 {[%emt 0:22:49]} Bh5 {[%emt 0:04:19]} 18. Bxd6 {[%emt 0:09:01]} Qxd6 {[%emt 0:00:04]} 19. Qc2 {[%emt 0:00:11]} h6 {[%emt 0:02:45]} 20. Nh7 {[%emt 0:00:28]} Nxh7 {[%emt 0:00:56]} 21. Bxh7+ {[%emt 0:00:10]} Kh8 {[%emt 0:00:05]} 22. g4 {[%emt 0:17:16]} Nxd4 {[%emt 0:04:40]} 23. Nxd4 {[%emt 0:07:34]} Rxc2 {[%emt 0:00:42]} 24. Bxc2 {[%emt 0:00:12]} Qf4 {[%emt 0:04:42]} 25. Nxe6 {[%emt 0:02:28]} Qxf2+ {[%emt 0:00:04]} 26. Kh1 {[%emt 0:00:09]} Rf3 {[%emt 0:00:52]} 27. Nf4 {[%emt 0:00:57]} Rxf4 {[%emt 0:00:04]} 28. gxh5 {[%emt 0:00:06]} Qf3+ {[%emt 0:00:49]} 29. Kh2 {[%emt 0:00:25]} Qxh5 {[%emt 0:00:42]} 30. Re3 {[%emt 0:03:53]} Rf2+ {[%emt 0:02:51]} 31. Kg1 {[%emt 0:00:33]} Re2 {[%emt 0:00:19]} 32. Rxe2 {[%emt 0:01:23]} Qxe2 {[%emt 0:00:05]} 33. Bb3 {[%emt 0:01:03]} Qe3+ {[%emt 0:00:06]} 0-1